000
00314nam a22001337a 4500
020
_a
9780071333122
082
_a
532
_b
WHI/FL
100
_a
White, Frank M
_9
491
245
_a
Fluid mechanics (In SI Units)
250
_a
7th
260
_a
New Delhi
_b
Tata McGraw hill education
_c
2011
300
_a
878
942
_c
BK
999
_c
13936
_d
13936